000 00413 a2200121 4500
001 ART_48755
005 20260410162014.0
008 260409a
245 1 0 _aEl acceso a los servicios públicos esenciales en zonas de urbanización informal
100 1 _aMielnicki, Diego
700 1 _aRoitman, Facundo J.
773 0 _tTemas de derecho administrativo
_g- Año 4, N° 4 (abr. 2019)
_wREV40468
999 _c32443
_d32443